| 000 | 00876nam a22002657a 4500 | ||
|---|---|---|---|
| 003 | dpl | ||
| 005 | 20180528132638.0 | ||
| 008 | 180528b xxu||||| |||| 00| 0 eng d | ||
| 010 | _aB-222074 | ||
| 020 |
_c80.00 _a8126021993 |
||
| 035 | _aB-222074, B-222079 | ||
| 037 | _bCen Lib/Ret | ||
| 040 |
_aDPL _bEN _c0 |
||
| 082 |
_a915.4 _bMUK |
||
| 100 |
_aMukhopadhyay, Umaprasad _927054 |
||
| 245 |
_aManimahesh / _cby Umaprasad Mukhopadhyay ; translated from the Bengali by Sanjukta Dasgupta |
||
| 260 |
_aNew Delhi _bSahitya Akademi _c2006 |
||
| 270 |
_aRabindra Bhavan ,35, Ferozeshah Road _bNew Delhi _e110001 |
||
| 300 |
_a194p. _c21cm(Hb) |
||
| 490 | _aAkademi Award-Winning bangali travelogue | ||
| 650 |
_aTravel _925007 |
||
| 650 |
_aHimachal Pradesh _zIndia _927055 |
||
| 700 |
_a Dasgupta, Sanjukta _9108943 |
||
| 942 |
_2ddc _cEN _h915.4 _mMUK |
||
| 999 |
_c129661 _d129661 |
||